富山駅から乗り換えなしで行ける駅 - Statistics

General Stats
  • This quiz has been taken 29 times
  • The average score is 79 of 183
Answer Stats
Answer % Correct
東京
95%
金沢
95%
上野
90%
大宮
90%
敦賀
90%
高崎
86%
軽井沢
86%
小松
86%
福井
86%
黒部
86%
佐久平
81%
上田
81%
糸魚川
81%
黒部宇奈月温泉
81%
新高岡
81%
岐阜
81%
名古屋
81%
長野
76%
飯山
76%
上越妙高
76%
芦原温泉
76%
越前たけふ
76%
高山
76%
津幡
76%
加賀温泉
71%
下呂
71%
石動
71%
高岡
71%
71%
飛騨古川
67%
美濃太田
67%
松任
67%
倶利伽羅
67%
新富山口
67%
滑川
67%
魚津
67%
入善
67%
西富山
62%
速星
62%
猪谷
62%
西金沢
62%
東金沢
62%
呉羽
62%
東富山
62%
越中舟橋
62%
新黒部
62%
立山
62%
南富山
62%
越中八尾
57%
野々市
57%
福岡
57%
小杉
57%
東滑川
57%
越中宮崎
57%
市振
57%
宇奈月温泉
57%
上滝
57%
岩瀬浜
57%
能美根上
52%
森本
52%
西入善
52%
稲荷町
52%
新魚津
52%
電鉄黒部
52%
不二越
52%
加賀笠間
48%
西高岡
48%
高岡やぶなみ
48%
越中大門
48%
水橋
48%
生地
48%
親不知
48%
寺田
48%
西滑川
48%
電鉄魚津
48%
岩峅寺
48%
安野屋
48%
婦中鵜坂
43%
美川
43%
西松任
43%
上市
43%
西町
43%
笹津
38%
明峰
38%
青海
38%
新庄田中
38%
東新庄
38%
五百石
38%
富山大学前
38%
千里
33%
東八尾
33%
小舞子
33%
越中荏原
33%
越中三郷
33%
中加積
33%
早月加積
33%
西魚津
33%
越中中島
33%
南富山駅前
33%
楡原
29%
西加積
29%
横江
29%
本宮
29%
東岩瀬
29%
競輪場前
29%
電気ビル前
29%
丸の内
29%
越中中村
24%
下立
24%
愛本
24%
榎町
24%
釜ヶ淵
24%
沢中山
24%
有峰口
24%
奥田中学校前
24%
堀川小泉
24%
西中野
24%
広貫堂前
24%
桜橋
24%
グランドプラザ前
24%
トヨタモビリティ富山Gスクエア五福前(五福末広町)
24%
相ノ木
19%
新相ノ木
19%
浜加積
19%
経田
19%
電鉄石田
19%
東三日市
19%
舌山
19%
栃屋
19%
下立口
19%
稚子塚
19%
千垣
19%
朝菜町
19%
大川寺
19%
小泉町
19%
上本町
19%
荒町
19%
地鉄ビル前
19%
諏訪川
19%
大手モール
19%
越中泉
14%
若栗
14%
音沢
14%
下段
14%
栄町
14%
大泉
14%
布市
14%
開発
14%
月岡
14%
大庄
14%
オークスカナルパークホテル富山前
14%
インテック本社前
14%
下奥井
14%
粟島(大阪屋ショップ前)
14%
城川原
14%
犬島新町
14%
荻浦小学校前
14%
大町
14%
中町(西町北)
14%
新富町
14%
県庁前
14%
国際会議場前
14%
新宮川
10%
長屋
10%
浦山
10%
内山
10%
田添
10%
上堀
10%
龍谷富山高校前(永楽町)
10%
蓮町(馬場記念公園前)
10%
萩生
0%
No matching quizzes found
Score Distribution
Percent of People with Each Score
Percentile by Number Answered
Your Score History
You have not taken this quiz